JR九州の特急列車/Limited Express Trains of JR Kyushu - Statistics

General Stats
  • This quiz has been taken 91 times
    83 since last reset
  • The average score is 15 of 22
Answer Stats
Line(s) Serving 使用路線 Destinations 起終点 Train Name 列車名 % Correct
Kagoshima Main Line(鹿児島本線)Nippo Main Line(日豊本線) Hakata/Nakatsu-Nakatsu/Oita/Saiki 博多/中津ー中津/大分/佐伯 Sonic/ソニック
92%
Kagoshima Main Line(鹿児島本線)Nagasaki Main Line(長崎本線)Sasebo Line(佐世保線)Omura Line(大村線) Hakata-Huis Ten Bosch 博多ーハウステンボス Huis Ten Bosch/ハウステンボス
89%
Kagoshima Main Line(鹿児島本線)Kyudai Main Line(久大本線)Nippo Main Line(日豊本線) Hakata-Oita/Beppu 博多ー大分/別府 Yufu/ゆふ
89%
Kagoshima Main Line(鹿児島本線)Nippo Main Line(日豊本線)Nichinan Line(日南線)Miyazaki Airport Line(宮崎空港線) Kokura/Oita-Miyazaki/Minami Miyazaki/Miyazaki Airport/Saiki 小倉/大分ー宮崎/南宮崎/宮崎空港/佐伯 Nichirin/にちりん
85%
Kagoshima Main Line(鹿児島本線)Nagasaki Main Line(長崎本線) Mojiko/Yoshizuka/Hakata-Saga/Hizen Kashima/Nagasaki 門司港/吉塚/博多ー佐賀/肥前鹿島/長崎 Kamome/かもめ
84%
Kagoshima Main Line(鹿児島本線)Kyudai Main Line(久大本線)Nippo Main Line(日豊本線) Hakata-Yufuin/Beppu 博多ー由布院/別府 Yufuin no Mori/ゆふいんの森
84%
Kagoshima Main Line(鹿児島本線)Nagasaki Main Line(長崎本線)Sasebo Line(佐世保線) Hakata-Sasebo 博多ー佐世保 Midori/みどり
82%
Kagoshima Main Line(鹿児島本線)Nippo Main Line(日豊本線)Nichinan Line(日南線)Miyazaki Airport Line(宮崎空港線) Hakata-Miyazaki Airport 博多ー宮崎空港 Nichirin Sea Gaia/にちりんシーガイア
81%
Hohi Main Line(豊肥本線) Kumamoto-Miyaji 熊本ー宮地 Aso/あそ
77%
Hohi Main Line(豊肥本線)Nippo Main Line(日豊本線) Kumamoto-Beppu 熊本ー別府 Aso Boy!/あそぼーい!
73%
Ibusuki Makurazaki Line(指宿枕崎線) Kagoshima Chuo-Ibusuki 鹿児島中央ー指宿 Ibusuki no Tamatebako/指宿のたまて箱
70%
Nippo Main Line(日豊本線)Kagoshima Main Line(鹿児島本線) Miyazaki/Kokubu-Kagoshima Chuo 宮崎/国分ー鹿児島中央 Kirishima/きりしま
67%
Kagoshima Main Line(鹿児島本線) Mojiko/Kokura-Hakata 門司港/小倉ー博多 Kirameki/きらめき
66%
Hohi Main Line(豊肥本線)Nippo Main Line(日豊本線) Kumamoto-Beppu 熊本ー別府 Trans-Kyushu Limited Express/九州横断特急
66%
Kagoshima Main Line(鹿児島本線)Sasaguri Line(篠栗線)Chikuho Main Line(筑豊本線) Hakata-Nogata 博多ー直方 Kaiou/かいおう
64%
Kagoshima Main Line(鹿児島本線)Misumi Line(三角線) Kumamoto-Misumi 熊本ー三角 A Train/A列車で行こう
62%
Nippo Main Line(日豊本線)Nichinan Line(日南線)Miyazaki Airport Line(宮崎空港線) Nobeoka-Miyazaki/Minami Miyazaki/Miyazaki Airport 延岡ー宮崎/南宮崎/宮崎空港 Hyuga/ひゅうが
60%
Nippo Main Line(日豊本線)Nichinan Line(日南線) Miyazaki-Nango 宮崎ー南郷 Umisachi Yamasachi/海幸山幸
56%
Kagoshima Main Line(鹿児島本線)Hisatsu Line(肥薩線) Kumamoto/Hitoyoshi-Yoshimatsu 熊本/人吉ー吉松 Isaburo/Shinpei(いさぶろう・しんぺい)
45%
Kagoshima Main Line(鹿児島本線)Nippo Main Line(日豊本線)Miyazaki Airport Line(宮崎空港線)Nichinan Line(日南線)Nagasaki Main Line(長崎本線)Hisatsu Orange Railway Line(肥薩おれんじ鉄道線) Hakata-Hakata 博多ー博多 36 Plus 3/36ぷらす3
42%
Nippo Main Line(日豊本線)Hisatsu Line(肥薩線)Kagoshima Main Line(鹿児島本線) Yoshimatsu-Kagoshima Chuo 吉松ー鹿児島中央 Hayato no Kaze/はやとの風
42%
Kagoshima Main Line(鹿児島本線)Hisatsu Line(肥薩線) Kumamoto-Hitoyoshi 熊本ー人吉 Kawasemi Yamasemi/かわせみ やませみ
37%
No matching quizzes found
Score Distribution
Percent of People with Each Score
Percentile by Number Answered
Your Score History
You have not taken this quiz since the last reset